Շիլլերը հայ գրականության մեջ և թատրոնում / (Record no. 524849)
[ view plain ]
| 000 -LEADER | |
|---|---|
| fixed length control field | 01465nam a2200265 u 4500 |
| 003 - CONTROL NUMBER IDENTIFIER | |
| control field | AM-YEHGA |
| 005 - DATE AND TIME OF LATEST TRANSACTION | |
| control field | 20251111154519.0 |
| 008 - FIXED-LENGTH DATA ELEMENTS--GENERAL INFORMATION | |
| fixed length control field | 981209s1959 ai co||gr|||||||||||arm|| |
| 040 ## - CATALOGING SOURCE | |
| Original cataloging agency | AM-YEHGA |
| 041 1# - LANGUAGE CODE | |
| Language code of text/sound track or separate title | arm |
| 001 - CONTROL NUMBER | |
| control field | 1287627 |
| 100 1# - MAIN ENTRY--PERSONAL NAME | |
| Personal name | Բաբայան, Արամ Սահակի, |
| Dates associated with a name | 1904-1982 |
| 9 (RLIN) | 2884 |
| 245 10 - TITLE STATEMENT | |
| Title | Շիլլերը հայ գրականության մեջ և թատրոնում / |
| Statement of responsibility, etc. | Ա.Ս. Բաբայան ; Պատ. խմբ.՝ Ն. Մուրադյան ; ՀՍՍՌ ԳԱ. Մ. Աբեղյանի անվան գրականության ինստիտուտ, Արվեստի ինստիտուտ. |
| 246 15 - VARYING FORM OF TITLE | |
| Title proper/short title | Шиллер в армянской литературе и в театре |
| 260 ## - PUBLICATION, DISTRIBUTION, ETC. | |
| Place of publication, distribution, etc. | Երևան : |
| Name of publisher, distributor, etc. | ՀՍՍՌ ԳԱ հրատ., |
| Date of publication, distribution, etc. | 1959. |
| 300 ## - PHYSICAL DESCRIPTION | |
| Extent | 381 էջ : |
| Other physical details | դիմանկ․, լուսանկ․ |
| Dimensions | 20 սմ. |
| 504 ## - BIBLIOGRAPHY, ETC. NOTE | |
| Bibliography, etc. note | Ծանոթագրություններ և լրացումներ՝ էջ 339-381: Անձնանունների ցանկ` էջ 367-378: Երկերի անվանացանկ` էջ 378-382: |
| 600 14 - SUBJECT ADDED ENTRY--PERSONAL NAME | |
| Personal name | Շիլլեր, Ֆրիդրիխ, |
| Dates associated with a name | 1759-1805 |
| 650 14 - SUBJECT ADDED ENTRY--TOPICAL TERM | |
| Topical term or geographic name entry element | Գրականագիտություն |
| 650 14 - SUBJECT ADDED ENTRY--TOPICAL TERM | |
| Topical term or geographic name entry element | Թատերագիտություն |
| 9 (RLIN) | 5613 |
| 653 0# - INDEX TERM--UNCONTROLLED | |
| Uncontrolled term | Հայ-գերմանական գրական կապեր |
| 700 1# - ADDED ENTRY--PERSONAL NAME | |
| Personal name | Մուրադյան, Նշան Հակոբի, |
| Dates associated with a name | 1908-1982 |
| Relator term | խմբ. |
| Relationship | edt |
| 9 (RLIN) | 2737 |
| 710 2# - ADDED ENTRY--CORPORATE NAME | |
| Corporate name or jurisdiction name as entry element | Մանուկ Աբեղյանի անվան գրականության ինստիտուտ ՀՍՍՌ ԳԱ |
| 942 ## - ADDED ENTRY ELEMENTS (KOHA) | |
| Source of classification or shelving scheme | Universal Decimal Classification |
| Koha item type | Գրքեր / Books |
| Withdrawn status | Lost status | Source of classification or shelving scheme | Damaged status | Not for loan | Collection | Home library | Current library | Date acquired | Total checkouts | Full call number | Barcode | Date last seen | Price effective from | Koha item type | Public note |
|---|---|---|---|---|---|---|---|---|---|---|---|---|---|---|---|
| Universal Decimal Classification | Gagik Sargsyan Individual Collection | Fundamental Scientific Library | Fundamental Scientific Library | 01/03/2022 | Գ.Սարգ/1248 | FL0674219 | 01/03/2022 | 01/03/2022 | Գրքեր / Books | ILL Non-Circ. |
ՀՀ Գիտությունների ազգային ակադեմիայի հիմնարար գիտական գրադարան = Fundamental Scientific Library of NAS RA
All site content, except where otherwise noted, is licensed under a